000 00470nam a2200181Ia 4500
001 25271
005 20260414151138.0
008 260414t2013||||xx |||||||||||||| ||spa||
041 _aESP
082 _a346.44
_bG39
100 _aGhersi, Carlos A.,
_eAUT
245 0 _aPrescripción liberatoria :
_baducidad de derecho y de instancia
260 _c2013
300 _axxxvii, 1312 pƔginas :
_c25 cm.
650 _aDER
654 _aCDE
942 _cLIB
_dJUS
_fJUS
_2ddc
_n
999 _c25271
_d25271